[Event "Wch U14 Girls rapid"]
[Site "Batumi"]
[Date "2023.06.06"]
[Round "3"]
[White "Koghuashvili, Tekla"]
[Black "Gaszka, Zuzanna"]
[Result "0-1"]
[WhiteElo "1355"]
[BlackElo "1681"]
[PlyCount "65"]
[EventDate "2023.06.06"]
[EventType "swiss (rapid)"]
[EventRounds "11"]
[EventCountry "GEO"]
[SourceTitle "EXT 2024"]
[Source "ChessBase"]
[SourceDate "2023.10.10"]
[SourceVersion "1"]
[SourceVersionDate "2023.10.10"]
[SourceQuality "1"]
[WhiteTeam "Georgia"]
[BlackTeam "Poland"]
[WhiteTeamCountry "GEO"]
[BlackTeamCountry "POL"]

1. d4 Nf6 2. Nf3 g6 3. g3 Bg7 4. Bg2 0-0 5. 0-0 d6 6. c4 Nc6 7. Nc3 Bf5 8. b3 Ne4 9. Bb2 a5 10. e3 Qc8 11. Nxe4 Bxe4 12. Nh4 Bxg2 13. Nxg2 e5 14. dxe5 Nxe5 15. f4 Nc6 16. Bxg7 Kxg7 17. f5 f6 18. e4 g5 19. Ne3 Qe8 20. Qd5 Qe5 21. Qxe5 Nxe5 22. Nd5 Rf7 23. Rad1 a4 24. Kg2 axb3 25. axb3 Ra3 26. b4 c6 27. Nb6 Ra6 28. Nc8 Nxc4 29. Nxd6 Ne3+ 30. Kf3 Ra3 31. Nxf7 Nxd1+ 32. Ke2 Nc3+ 33. Ke3 0-1

[Event "Wch U12 Girls"]
[Site "Batumi"]
[Date "2022.09.17"]
[Round "2"]
[White "Deysel, Hannah"]
[Black "Koghuashvili, Tekla"]
[Result "0-1"]
[WhiteElo "1036"]
[BlackElo "1331"]
[PlyCount "82"]
[EventDate "2022.09.16"]
[EventType "swiss"]
[EventRounds "11"]
[EventCountry "GEO"]
[SourceTitle "EXT 2023"]
[Source "ChessBase"]
[SourceDate "2022.10.05"]
[SourceVersion "1"]
[SourceVersionDate "2022.10.05"]
[SourceQuality "1"]

1. e4 c5 2. Nf3 d6 3. d4 cxd4 4. Nxd4 Nf6 5. Nc3 a6 6. f3 e5 7. Nb3 Be6 8. Be3 Be7 9. Qd2 Nbd7 10. 0-0-0 b5 11. g4 Nb6 12. g5 Nfd7 13. Nd5 Bxd5 14. exd5 Rc8 15. Na5 Qc7 16. Nc6 Nxd5 17. Qxd5 Qxc6 18. Qd2 d5 19. Bd3 d4 20. Bf2 Qxf3 21. Rhf1 Qd5 22. Kb1 b4 23. b3 Nb6 24. Bxa6 Ra8 25. Qd3 0-0 26. Bh4 Qa5 27. Bb7 Qxa2+ 28. Kc1 Ra7 29. Be4 g6 30. Rg1 Nd7 31. Qh3 Nc5 32. Bd5 d3 33. Rxd3 Nxd3+ 34. Qxd3 Rc7 35. Re1 Rc3 36. Qe2 Rd8 37. Rd1 Qa1+ 38. Kd2 Rxd5+ 39. Ke1 Rxd1+ 40. Qxd1 Qxd1+ 41. Kxd1 e4 0-1

[Event "EU-ch Schools U11 Girls"]
[Site "Tornelo INT"]
[Date "2021.12.04"]
[Round "3"]
[White "Mgeladze, Kesaria"]
[Black "Koghuashvili, Tekla"]
[Result "1-0"]
[WhiteElo "1625"]
[BlackElo "1221"]
[PlyCount "81"]
[EventDate "2021.12.03"]
[EventType "swiss (rapid)"]
[EventRounds "7"]
[EventCountry "NET"]
[SourceTitle "EXT 2023"]
[Source "ChessBase"]
[SourceDate "2022.10.05"]
[SourceVersion "1"]
[SourceVersionDate "2022.10.05"]
[SourceQuality "1"]

1. e4 c5 2. c3 d5 3. exd5 Qxd5 4. d4 e6 5. Nf3 Nf6 6. Be3 cxd4 7. cxd4 Nc6 8. Nc3 Bb4 9. Bd3 0-0 10. 0-0 Bxc3 11. bxc3 Qd6 12. Qc2 b6 13. Rfd1 h6 14. c4 Qc7 15. Rac1 Bb7 16. Qd2 Ng4 17. Bf4 e5 18. dxe5 Qe7 19. Re1 Rad8 20. h3 Nb4 21. Rc3 Bxf3 22. gxf3 g5 23. Bg3 f5 24. fxg4 f4 25. Bh2 Qc5 26. Rb3 Nc6 27. Rb5 Qe7 28. Rd5 Nd4 29. Bh7+ Qxh7 30. Qxd4 Rxd5 31. cxd5 Qc2 32. e6 Qxa2 33. e7 Re8 34. Qf6 Qxd5 35. Qg6+ Kh8 36. Qxe8+ Kh7 37. Qh8+ Kxh8 38. e8Q+ Kg7 39. Re7+ Kf6 40. Qf8+ Kg6 41. Qg7# 1-0

[Event "EU-ch Schools U11 Girls"]
[Site "Tornelo INT"]
[Date "2021.12.04"]
[Round "5"]
[White "Sordia, Marta"]
[Black "Koghuashvili, Tekla"]
[Result "1-0"]
[WhiteElo "1355"]
[BlackElo "1221"]
[PlyCount "93"]
[EventDate "2021.12.03"]
[EventType "swiss (rapid)"]
[EventRounds "7"]
[EventCountry "NET"]
[SourceTitle "EXT 2023"]
[Source "ChessBase"]
[SourceDate "2022.10.05"]
[SourceVersion "1"]
[SourceVersionDate "2022.10.05"]
[SourceQuality "1"]

1. e4 c5 2. Nf3 d6 3. Bb5+ Bd7 4. Bxd7+ Qxd7 5. c4 Qg4 6. 0-0 Qxe4 7. d4 Qc6 8. dxc5 Qxc5 9. Be3 Qc8 10. Nc3 Nf6 11. Nd5 Nbd7 12. Rc1 Qd8 13. Nd4 g6 14. Nb5 Rc8 15. Nxa7 Ra8 16. Nb5 Rc8 17. Re1 Nxd5 18. Qxd5 Nf6 19. Qxb7 Bg7 20. Bb6 Qd7 21. Nxd6+ Kf8 22. Qxc8+ Qxc8 23. Nxc8 e6 24. Rcd1 Bh6 25. Rd8+ Kg7 26. Rxh8 Kxh8 27. Bd4 Kg7 28. a4 Bf4 29. a5 Bd2 30. Rd1 Bxa5 31. Nd6 Bd8 32. Ne8+ Kf8 33. Nxf6 h5 34. c5 Ke7 35. Be5 Ba5 36. Rd7+ Kf8 37. Bd6+ Kg7 38. Ne8+ Kg8 39. c6 h4 40. c7 Bxc7 41. Rxc7 g5 42. b4 g4 43. b5 h3 44. b6 hxg2 45. b7 f5 46. Nf6+ Kh8 47. b8Q# 1-0